000 01141cam a2200253 a 4500
001 82654
003 BD-RjUL
005 20240117110334.0
008 240117s1952 ir 000 0 per d
035 _a(BD-RjUL) 82654
040 _aEYM
_cEYM
_dZCU
_dDLC-R
_dDLC
_beng
041 0 _aper
_aeng
082 _223
_a428.0076
_bPAI 1952
100 1 _aپازارگادى، علاء الدين. ;; Pāzārgādī, ʻAlāʼ al-Dīn,
_d1913 or 1914-
_910902
245 1 0 _aانشاء انگليسى / ;; Inshāʼ-i Ingilīsī /
_cتأليف علاء پازارگادى. ;; taʼlīf-i ʻAlāʼ Pāzārgādī.
246 1 _iTitle on p. [4] of cover:
_aEnglish composition
260 _aتهران : Tihrān :
_bدانشگاه تهران، ;; Danishgāh-i Tihrān,
_c1331 [1952 or 1953]
300 _a5, [1], 172p. ;
_c24 cm.
490 0 _aانتشارات دانشگاه تهران ؛ ;; Intishārāt-i Dānishgāh-i Tihrān ;
_v154
650 0 _aEnglish language
_xTextbooks for foreign speakers
_xPersian.
_910903
650 0 _aEnglish language
_xComposition and exercises.
_92756
942 _2ddc
_cBK
999 _c82654
_d82654